Doctor Who (1963-2025) - Statistics

General Stats
  • This quiz has been taken 6 times
  • The average score is 188 of 356
Answer Stats
Hint Answer % Correct
2022 New Years Special Eve of the Daleks
80%
1.4 Marco Polo
80%
12.3 Orphan 55
80%
1.2 The Daleks
80%
1.3 The Edge of Destruction
80%
60th Anniversary Special The Giggle
80%
2022 Special Episode The Power of the Doctor
80%
60th Anniversary Special The Star Beast
80%
60th Anniversary Special Wild Blue Yonder
80%
3.7 42
60%
2010 Christmas Special A Christmas Carol
60%
6.7 A Good Man Goes to War
60%
1.4 Aliens of London
60%
5.7 Amy's Choice
60%
1.1 An Uneartly Child
60%
11.4 Arachnids in the UK
60%
20.1 Arc of Infinity
60%
2.12 Army of Ghosts
60%
7.1 Asylum of the Daleks
60%
7.3 A Town Called Mercy
60%
22.1 Attack of the Cybermen
60%
1.12 Bad Wolf
60%
26.1 Battlefield
60%
9.4 Before the Flood
60%
19.5 Black Orchid
60%
3.10 Blink
60%
14.3 Boom
60%
1.11 Boom Town
60%
19.1 Castrovalva
60%
17.2 City of Death
60%
6.12 Closing Time
60%
5.9 Cold Blood
60%
7.8 Cold War
60%
1.6 Dalek
60%
3.4 Daleks in Manhattan
60%
8.11 Dark Water
60%
9.1 Day of the Daleks
60%
6.2 Day of the Moon
60%
8.12 Death in Heaven
60%
11.3 Death to the Daleks
60%
8.1 Deep Breath
60%
24.3 Delta and the Bannermen
60%
11.6 Demons of the Punjab
60%
7.2 Dinosuars on a Spaceship
60%
Movie Doctor Who
60%
7.2 Doctor Who and the Silurians
60%
2.13 Doomsday
60%
24.4 Dragonfire
60%
19.6 Earthshock
60%
10.9 Empress of Mars
60%
20.5 Enlightenment
60%
3.5 Evolution of the Daleks
60%
10.6 Extremis
60%
9.10 Face the Raven
60%
1.8 Father's Day
60%
2.11 Fear Her
60%
8.9 Flatline
60%
5.5 Flesh and Stone
60%
4.9 Forest of the Dead
60%
19.2 Four to Doomsday
60%
10.3 Frontier in Space
60%
21.3 Frontios
60%
5.6 Fury from the Deep
60%
3.1 Galaxy 4
60%
12.4 Genesis of the Daleks
60%
26.2 Ghost Light
60%
3.3 Gridlock
60%
9.11 Heaven Sent
60%
9.12 Hell Bent
60%
7.9 Hide
60%
15.1 Horror of Fang Rock
60%
3.8 Human Nature
60%
15.3 Image of the Fendahl
60%
7.4 Inferno
60%
8.10 In the Forest of the Night
60%
8.2 Into the Dalek
60%
11.2 Invasion of the Dinosaurs
60%
11.9 It Takes You Away
60%
4.13 Journey's End
60%
7.10 Journey to the Centre of the TARDIS
60%
11.7 Kerblam!
60%
8.7 Kill the Moon
60%
19.3 Kinda
60%
10.4 Knock Knock
60%
2014 Christmas Special Last Christmas
60%
3.13 Last of the Time Lords
60%
6.8 Let's Kill Hitler
60%
8.4 Listen
60%
18.7 Logopolis
60%
2.10 Love & Monsters
60%
20.3 Mawdryn Undead
60%
18.2 Meglos
60%
4.10 Midnight
60%
8.8 Mummy on the Orient Express
60%
2.1 New Earth
60%
7.12 Nightmare in Silver
60%
6.9 Night Terrors
60%
10.5 Oxygen
60%
24.2 Paradise Towers
60%
4.1 Partners in Crime
60%
13.2 Planet of Evil
60%
21.5 Planet of Fire
60%
2009 Special Episode Planet of the Dead
60%
4.3 Planet of the Ood
60%
11.5 Planet of the Spiders
60%
12.6 Praxeus
60%
13.3 Pyramids of Mars
60%
25.1 Remembrance of the Daleks
60%
2019 New Years Special Resolution
60%
21.4 Resurrection of the Daleks
60%
22.6 Revelation of the Daleks
60%
12.5 Revenge of the Cybermen
60%
2.5 Rise of the Cybermen
60%
12.1 Robot
60%
8.3 Robot of Sherwood
60%
11.3 Rosa
60%
1.1 Rose
60%
2.3 School Reunion
60%
4.8 Silence in the Library
60%
25.3 Silver Nemesis
60%
9.9 Sleep No More
60%
10.2 Smile
60%
3.1 Smith and Jones
60%
20.2 Snakedance
60%
14.1 Space Babies
60%
7.1 Spearhead from Space
60%
12.1 Spyfall Part One
60%
12.2 Spyfall Part Two
60%
18.4 State of Decay
60%
26.4 Survival
60%
8.1 Terror of the Autons
60%
23.3 Terror of the Vervoids
60%
13.1 Terror of the Zygons
60%
2.6 The Age of Steel
60%
6.6 The Almost People
60%
7.3 The Ambassadors of Death
60%
7.5 The Angels Take Manhattan
60%
3.6 The Ark
60%
12.2 The Ark in Space
60%
21.2 The Awakening
60%
11.10 The Battle of Ranskoor Av Kolos
60%
5.2 The Beast Below
60%
7.6 The Bells of Saint John
60%
5.13 The Big Bang
60%
8.6 The Caretaker
60%
21.6 The Caves of Androzani
60%
3.7 The Celestial Toymaker
60%
2.8 The Chase
60%
2005 Christmas Special The Christmas Invasion
60%
8.3 The Claws of Axos
60%
7.11 The Crimson Horror
60%
26.3 The Curse of Fenric
60%
9.2 The Curse of Peladon
60%
6.3 The Curse of the Black Spot
60%
8.5 The Dæmons
60%
2.2 The Dalek Invasion of Earth
60%
3.4 The Dalek's Master Plan
60%
50th Anniversary Special The Day of the Doctor
60%
14.3 The Deadly Assassin
60%
1.10 The Doctor Dances
60%
10.12 The Doctor Falls
60%
4.6 The Doctor's Daughter
60%
6.4 The Doctor's Wife
60%
2011 Christmas Special The Doctor, The Widow, and the Wardrobe
60%
10.10 The Eaters of Light
60%
5.1 The Eleventh Hour
60%
1.9 The Empty Child
60%
1.2 The End of the World
60%
2009 Christmas Special The End of Time Part One
60%
2010 New Years Special The End of Time Part Two
60%
5.4 The Enemy of the World
60%
4.8 The Faceless Ones
60%
14.4 The Face of Evil
60%
3.9 The Family of Blood
60%
4.2 The Fires of Pompeii
60%
20th Anniversary Special The Five Doctors
60%
11.2 The Ghost Monument
60%
2.4 The Girl in the Fireplace
60%
9.5 The Girl Who Died
60%
6.10 The Girl Who Waited
60%
6.11 The God Complex
60%
25.4 The Greatest Show in the Galaxy
60%
10.5 The Green Death
60%
3.8 The Gunfighters
60%
14.2 The Hand of Fear
60%
25.2 The Happiness Patrol
60%
12.8 The Haunting of Villa Diodati
60%
4.4 The Highlanders
60%
5.8 The Hungry Earth
60%
2015 Christmas Special The Husbands of River Song
60%
5.3 The Ice Warriors
60%
2.7 The Idiot's Lantern
60%
6.1 The Impossible Astronaut
60%
2.8 The Impossible Planet
60%
6.3 The Invasion
60%
1.5 The Keys of Marinus
60%
20.6 The King's Demons
60%
3.6 The Lazarus Experiment
60%
18.1 The Leisure Hive
60%
10.8 The Lie of the Land
60%
5.11 The Lodger
60%
1.7 The Long Game
60%
9.1 The Magician's Apprentice
60%
22.3 The Mark of the Rani
60%
14.1 The Masque of Mandragora
60%
3.5 The Massacre
60%
8.2 The Mind of Evil
60%
6.2 The Mind Robber
60%
11.4 The Monster of Peladon
60%
4.6 The Moonbase
60%
7.13 The Name of the Doctor
60%
2008 Christmas Special The Next Doctor
60%
5.12 The Pandorica Opens
60%
1.13 The Parting of the Ways
60%
10.1 The Pilot
60%
4.5 The Poison Sky
60%
4.3 The Power of the Daleks
60%
7.4 The Power of Three
60%
10.7 The Pyramid at the End of the World
60%
6.5 The Rebel Flesh
60%
1.8 The Reign of Terror
60%
2016 Christmas Special The Return of Doctor Mysterio
60%
7.7 The Rings of Akhaten
60%
14.5 The Robots of Death
60%
2006 Christmas Special The Runaway Bride
60%
2.9 The Satan Pit
60%
3.9 The Savages
60%
9.3 The Sea Devils
60%
6.5 The Seeds of Death
60%
1.7 The Sensorites
60%
3.2 The Shakespeare Code
60%
2012 Christmas Special The Snowmen
60%
12.3 The Sontaran Experiment
60%
4.4 The Sontaran Stratagem
60%
3.12 The Sound of Drums
60%
2.7 The Space Museum
60%
6.6 The Space Pirates
60%
4.12 The Stolen Earth
60%
14.6 The Talons of Weng-Chiang
60%
4.2 The Tenth Planet
60%
10.1 The Three Doctors
60%
12.10 The Timeless Children
60%
2.9 The Time Meddler
60%
9.5 The Time Monster
60%
5.4 The Time of Angels
60%
2013 Christmas Special The Time of the Doctor
60%
11.1 The Time Warrior
60%
5.1 The Tomb of the Cybermen
60%
11.5 The Tsuranga Conundrum
60%
21.7 The Twin Dilemma
60%
4.7 The Unicorn and the Wasp
60%
1.3 The Unquiet Dead
60%
5.6 The Vampires of Venice
60%
19.4 The Visitation
60%
6.7 The War Games
60%
3.10 The War Machines
60%
2009 Special Episode The Waters of Mars
60%
2.6 The Web Planet
60%
6.13 The Wedding of River Song
60%
5.7 The Wheel in Space
60%
11.8 The Witchfinders
60%
9.2 The Witch's Familiar
60%
11.1 The Woman Who Fell to Earth
60%
9.6 The Woman Who Lived
60%
9.7 The Zygon Invasion
60%
9.8 The Zygon Inversion
60%
10.3 Thin Ice
60%
24.1 Time and the Rani
60%
19.7 Time-Flight
60%
8.5 Time Heist
60%
22.5 Timelash
60%
2.2 Tooth and Claw
60%
4.11 Turn Left
60%
2017 Christmas Special Twice Upon a Time
60%
9.3 Under the Lake
60%
15.5 Underworld
60%
3.11 Utopia
60%
22.2 Vengeance on Varos
60%
5.3 Victory of the Daleks
60%
13.4 Village of the Angels
60%
5.10 Vincent and the Doctor
60%
2007 Christmas Special Voyage of the Damned
60%
18.5 Warriors' Gate
60%
21.1 Warriors of the Deep
60%
10.11 World Enough and Time
60%
1.5 World War Three
60%
12.7 Can You Hear Me
40%
2024 Christmas Special Joy to the World
40%
2022 Special Episode Legend of the Sea Devils
40%
15.2 Lux
40%
13.3 Once, Upon Time
40%
2.1 Planet of Giants
40%
13.5 Survivors of the Flux
40%
14.2 The Devil's Chord
40%
4.1 The Smugglers
40%
14.4 73 Yards
20%
12.9 Ascension of the Cybermen
20%
10.2 Carnival of Monsters
20%
8.4 Colony in Space
20%
17.1 Destiny of the Daleks
20%
14.5 Dot and Bubble
20%
14.8 Empire of Death
20%
12.5 Fugitive of the Judoon
20%
18.2 Full Circle
20%
23.2 Mindwarp
20%
3.2 Mission to the Unknown
20%
17.4 Nightmare of Eden
20%
12.4 NIkola Tesla's Night of Terror
20%
10.4 Planet of the Daleks
20%
2021 New Years Special Revolution of the Daleks
20%
14.6 Rogue
20%
20.4 Terminus
20%
5.2 The Abominable Snowmen
20%
13.4 The Android Invasion
20%
16.4 The Androids of Tara
20%
16.6 The Armageddon Factor
20%
1.6 The Aztecs
20%
13.5 The Brain of Morbius
20%
2023 Christmas Special The Church on Ruby Road
20%
17.3 The Creature from the Pit
20%
2.5 The Crusade
20%
6.1 The Dominators
20%
4.9 The Evil of the Daleks
20%
17.5 The Horns of Nimon
20%
15.6 The Interstellar Song Contest
20%
15.6 The Invasion of Time
20%
15.2 The Invisible Enemy
20%
18.6 The Keeper of Traken
20%
6.4 The Krotons
20%
14.7 The Legend of Ruby Sunday
20%
4.7 The Macra Terror
20%
9.4 The Mutants
20%
23.1 The Mysterious Planet
20%
3.3 The Myth Makers
20%
16.2 The Pirate Planet
20%
16.5 The Power of Kroll
20%
15.8 The Reality War
20%
2.3 The Rescue
20%
16.1 The Ribos Operation
20%
15.1 The Robot Revolution
20%
2.4 The Romans
20%
13.6 The Seeds of Doom
20%
16.3 The Stones of Blood
20%
15.5 The Story & The Engine
20%
15.4 The Sun Makers
20%
22.4 The Two Doctors
20%
23.4 The Ultimate Foe
20%
4.5 The Underwater Menace
20%
13.6 The Vanquishers
20%
5.5 The Web of Fear
20%
13.2 War of the Sontarans
20%
15.4 Lucky Day
0%
17.6 Shada (Unaired)
0%
13.1 The Haloween Apocalypse
0%
15.3 The Well
0%
15.7 Wish World
0%
No matching quizzes found
Score Distribution
Percent of People with Each Score
Percentile by Number Answered
Your Score History
You have not taken this quiz